01464cam a22003495a 4500001000800000005001700008008004100025020002600066020002700092020001800119040003300137082001900170100003100189245010800220250002200328260006400350300003400414490004500448500002700493500002400520504004100544650003900585651001000624653002500634655002400659700004000683942000800723999001700731952011700748952013200865952011700997497931920201128023615.0980309s2011 enka frbd f001 0 eng d a052163041X (hardback) a0521639565 (paperback) a9780521639569 aDLCcDLCdDLCbengdEG-ScBUE04a660.2222bDUN1 aDuncan, T. Michael.93869810aChemical engineering design and analysis :ban introduction /cT. Michael Duncan and Jeffrey A. Reimer. a10th printing ed. aCambridge ;aNew York :bCambridge University Press,c2011. axiv, 380 p. :bill. ;c26 cm.0 aCambridge series in chemical engineering aGlossary : p. 368-373. aIndex : p. 375-380. aIncludes bibliographical references. 7aChemical engineering.2BUEsh91062 2BUEsh bENGCHEcNovember2015 vReading book9342321 aReimer, Jeffrey A.q(Jeffrey Allen) 2ddc c21010d20982 00102ddc40708BaccahaMAINbMAINc1STd2015-11-09ePurchasel0o660.2 DUNp000031259r2025-07-15 00:00:00yBB 00102ddc40708BaccahaMAINbMAINc1STd2015-11-09ePurchasel1m5o660.2 DUNp000031258r2025-07-15 00:00:00s2016-02-28yBB 00102ddc40708BaccahaMAINbMAINc1STd2015-11-09ePurchasel0o660.2 DUNp000031256r2025-07-15 00:00:00yBB